00969nam a2200229 a 450000100100000000500170001000800410002702000150006804000250008308200150010810000450012324501580016826000340032630000210036049000150038150000710039650000740046770000470054183000210058895201130060999900170072200004237820201002040121.0131127s1994 sp 000 0 spa d a8433913832 aDO-SdBNPbspacBNPHU axxxbG916a1 aGuarner, José Luis,d1937-1993.96946810aAutorretrato del cronista /cJosé Luis Guarner ; selección de textos de Lluís Bonet Mojica ... [et al.] ; [prológo de Guillermo Cabrera Infante]. aBarcelona :bAnagrama,c1994. a420 p. ;c22 cm.1 aArgumentos aIncluye datos biográficos del autor en la solapa de la cubierta. aIncluye referencias bibliográficas y notas al pie de las páginas.12aCabrera Infante, Guillermoepról.947867 0aArgumentos98962 001050718MOaGRbGRcCTd2013-11-27iLF1l0oxxx G916ap42378-10r2020-06-25w2020-06-25y1ZNo se presta c41867d41867